| 000 | 00628nam a2200217Ia 4500 | ||
|---|---|---|---|
| 003 | OSt | ||
| 005 | 20220519030334.0 | ||
| 008 | 151021s9999 xx 000 0 und d | ||
| 020 | _a7131699 | ||
| 040 |
_aMMU _beng _cMMU _dMMU |
||
| 050 | _aHD 30.28.T525 2012 | ||
| 245 |
_aCrafting and Executing Strategy Concepts and Readings / _c Arthur A. Thompson. |
||
| 260 |
_aNew York : _bPearson , _c2012. |
||
| 300 | _a462 p. : | ||
| 500 | _aIncludes index | ||
| 500 | _aIncludes index | ||
| 650 | _a_executing strategy | ||
| 700 | _a_Margaret A. Peteraf | ||
| 942 |
_2lcc _cLOAN LOAN |
||
| 980 | _a^d20131018 12:34:37^oanne | ||
| 999 |
_c14525 _d14525 |
||